Quels sont les gares les plus fréquentés de France ? - Statistiques

Statistiques générales
  • Ce quiz a été pris 85 fois
  • Le résultat moyen est 12 sur 40
Statistiques - réponses
Nombres de Passagers (2022) Gare % Correct
102 024 000 Paris Gare de Lyon
97%
211 698 000 Paris Gare du Nord
93%
56 862 000 Paris Montparnasse
84%
16 906 000 Marseille St Charles
82%
36 774 000 Paris Gare de l'Est
75%
21 353 000 Bordeaux St Jean
71%
12 869 000 Toulouse Matabiau
63%
21 446 000 Strasbourg Ville
61%
36 558 000 Lyon Part Dieu
59%
15 512 000 Nantes
58%
19 515 000 Paris Austerlitz
58%
13 921 000 Rennes
55%
102 910 000 Paris St Lazare
51%
21 992 000 Lille Flandres
43%
47 613 000 (2021) Châtelet Les Halles
21%
13 284 000 Massy Palaiseau & TGV
20%
18 934 000 Versailles Chantiers
20%
35 649 000 La Défense
18%
33 271 000 Juvisy
13%
33 045 000 Magenta
11%
16 033 000 Argenteuil
9%
13 065 000 Melun
9%
16 666 000 (2021) Nanterre Prefecture
9%
12 949 000 Aeroport Charles de Gaulle 2 TGV
8%
32 617 000 Haussmann St Lazare
8%
21 728 000 Ermont Eaubonne
7%
15 852 000 Houilles Carrières sur Seine
7%
13 005 000 La Plaine Stade de France
7%
17 539 000 Asnières sur Seine
5%
14 813 000 Garges Sarcelles
5%
12 677 000 Cergy Prefecture
4%
18 333 000 Le Bourget
4%
32 245 000 (2021) Val de Fontenay
4%
22 986 000 Bibliothèque François Mittérand
3%
15 647 000 Noisy le Sec
3%
22 902 000 St Denis
3%
15 327 000 Épinay Villetaneuse
1%
22 763 000 St Michel Notre Dame
1%
14 605 000 Bondy
0%
14 780 000 Villeneuve St Georges
0%
Aucun quiz correspondant
Distribution des résultats
% des personnes avec chaque résultat
Percentile par nombre de réponses
Votre historique - résultats
Vous n’avez pas pris ce quiz